Arizona at seventy-five : (Record no. 1178)

MARC details
000 -LEADER
fixed length control field 01257cam a2200337 a 4500
005 - DATE AND TIME OF LATEST TRANSACTION
control field 20260322212050.0
008 - FIXED-LENGTH DATA ELEMENTS--GENERAL INFORMATION
fixed length control field data
010 ## - LIBRARY OF CONGRESS CONTROL NUMBER
LC control number 87072583
020 ## - INTERNATIONAL STANDARD BOOK NUMBER
International Standard Book Number 0910037248
020 ## - INTERNATIONAL STANDARD BOOK NUMBER
International Standard Book Number 9780910037242
040 ## - CATALOGING SOURCE
Original cataloging agency AzS
Transcribing agency AzS
Modifying agency DLC
-- DLC
042 ## - AUTHENTICATION CODE
Authentication code lccopycat
043 ## - GEOGRAPHIC AREA CODE
Geographic area code n-us-az
050 00 - LIBRARY OF CONGRESS CALL NUMBER
Classification number F811.5
Item number .A74 1987
082 00 - DEWEY DECIMAL CLASSIFICATION NUMBER
Classification number 979.1/05
Edition information 20
092 ## - LOCALLY ASSIGNED DEWEY CALL NUMBER (OCLC)
Classification number 979.1 A74 1987
001 - CONTROL NUMBER
control field data
245 00 - TITLE STATEMENT
Title Arizona at seventy-five :
Remainder of title the next twenty-five years /
Statement of responsibility, etc. edited by Beth Luey ... [et al.].
260 ## - PUBLICATION, DISTRIBUTION, ETC.
Place of publication, distribution, etc. Tucson :
Name of publisher, distributor, etc. Distributed by the University of Arizona Press,
Place of publication, distribution, etc. Tucson :
Name of publisher, distributor, etc. Distributed by the University of Arizona Press,
Date of publication, distribution, etc. 1987.
300 ## - PHYSICAL DESCRIPTION
Extent ix, 221 p. ;
Dimensions 24 cm.
500 ## - GENERAL NOTE
General note "This book began as a conference commemorating the seventy-fifth anniversary of Arizona's statehood"--Pref.
504 ## - BIBLIOGRAPHY, ETC. NOTE
Bibliography, etc. note Includes bibliographical references and index.
651 #0 - SUBJECT ADDED ENTRY--GEOGRAPHIC NAME
Geographic name Arizona
General subdivision Congresses.
Chronological subdivision 1912-1950
General subdivision Congresses.
651 #0 - SUBJECT ADDED ENTRY--GEOGRAPHIC NAME
Geographic name Arizona
General subdivision Congresses.
Chronological subdivision 1951-
General subdivision Congresses.
700 1# - ADDED ENTRY--PERSONAL NAME
Personal name Luey, Beth.
700 1# - ADDED ENTRY--PERSONAL NAME
Personal name Stowe, Noel J.
710 2# - ADDED ENTRY--CORPORATE NAME
Corporate name or jurisdiction name as entry element Arizona State University.
Subordinate unit Public History Program.
710 2# - ADDED ENTRY--CORPORATE NAME
Corporate name or jurisdiction name as entry element Arizona Historical Society.
740 0# - ADDED ENTRY--UNCONTROLLED RELATED/ANALYTICAL TITLE
Uncontrolled related/analytical title Arizona at 75.
856 41 - ELECTRONIC LOCATION AND ACCESS
Materials specified Table of contents
Uniform Resource Identifier <a href="http://www.loc.gov/catdir/toc/fy0602/87072583.html">http://www.loc.gov/catdir/toc/fy0602/87072583.html</a>
Holdings
Withdrawn status Lost status Damaged status Not for loan Home library Current library Shelving location Date acquired Total checkouts Full call number Barcode Date last seen Price effective from Koha item type
        Pleasant Valley Pleasant Valley General stacks 22/03/2026   979.1/05 20 BC0011216 22/03/2026 22/03/2026 Books